How to write and deliver effective speeches / (Record no. 288201)
[ view plain ]
| 000 -LEADER | |
|---|---|
| fixed length control field | 00509nam a2200157Ia 4500 |
| 008 - FIXED-LENGTH DATA ELEMENTS--GENERAL INFORMATION | |
| fixed length control field | 150610s9999 xx 000 0 und d |
| 020 ## - INTERNATIONAL STANDARD BOOK NUMBER | |
| International Standard Book Number | 0 768909244 |
| 050 ## - LIBRARY OF CONGRESS CALL NUMBER | |
| Classification number | PN4129.15 |
| Item number | .M38 2002 |
| 100 ## - MAIN ENTRY--PERSONAL NAME | |
| Personal name | McManus, Judith A |
| 245 ## - TITLE STATEMENT | |
| Title | How to write and deliver effective speeches / |
| Statement of responsibility, etc | Judith A. McManus. |
| 250 ## - EDITION STATEMENT | |
| Edition statement | 4th ed. |
| 260 ## - PUBLICATION, DISTRIBUTION, ETC. (IMPRINT) | |
| Place of publication, distribution, etc | Lawrenceville, NJ : |
| Name of publisher, distributor, etc | Thomson /Arco, |
| Date of publication, distribution, etc | 2002. |
| 300 ## - PHYSICAL DESCRIPTION | |
| Extent | 101pages : |
| Other physical details | illustrations ; |
| Dimensions | 21 cm. |
| 504 ## - BIBLIOGRAPHY, ETC. NOTE | |
| Bibliography, etc | "Second edition"--T.p. verso. |
| 520 ## - SUMMARY, ETC. | |
| Summary, etc | Public speaking. |
| Withdrawn status | Lost status | Damaged status | Home library | Current library | Shelving location | Date acquired | Total Checkouts | Full call number | Barcode | Date last seen | Price effective from | Koha item type |
|---|---|---|---|---|---|---|---|---|---|---|---|---|
| Stonyhurst Southville International School (Batangas) | Stonyhurst Southville International School (Batangas) | High School Section | 06/10/2015 | PN4129.15.M38 2002 | US-0324 | 06/10/2015 | 06/10/2015 | Books |